000 00903nas a2200277 4500
001 BR2013009588
003 BR-BrBNA
005 20231205123254.0
007 ta
008 230509b bl.|||p| |||| 00| 00por d
040 _aBR-BrBNA
_bpor
_cBiblioteca Nacional de Agricultura
041 _a(Pt)
072 _aF40
100 1 _aTafuri, A.C.
100 1 _aOliveira Júnior, A.F. de
100 1 _aKrieck, C.A.
100 1 _aDuarte, L.M.
100 1 _aAguiar, M.E. de
245 1 _aPagamento por serviços ambientais na Mata Atlântica: oportunidades e desafios
650 _aECOSSISTEMA
650 _aBIODIVERSIDADE
650 _aPRESERVAÇÃO DA NATUREZA
773 0 _tInforme Agropecuário - Empresa de Pesquisa Agropecuaria de Minas Gerais (Brazil)
_xISSN 0100-3364
_g(Nov-Dec 2012), v. 33(271) p. 88-97
_wBR2013009588
909 _a202311
_bLúcia
_c55
_dLúcia Elande
942 _2AGRIS
_n0
_cANA
999 _c233053
_d233053